Introduction to computer security / (Record no. 17964)
[ view plain ]
| 000 -LEADER | |
|---|---|
| fixed length control field | 00797nam a22002297a 4500 |
| 008 - FIXED-LENGTH DATA ELEMENTS--GENERAL INFORMATION | |
| fixed length control field | 140126t2014 xxka frb 001 0 eng d |
| 020 ## - INTERNATIONAL STANDARD BOOK NUMBER | |
| International Standard Book Number | 9781292025407 |
| 040 ## - CATALOGING SOURCE | |
| Original cataloging agency | EG-ScBUE |
| Language of cataloging | eng |
| Transcribing agency | EG-ScBUE |
| Modifying agency | EG-ScBUE |
| 082 04 - DEWEY DECIMAL CLASSIFICATION NUMBER | |
| Edition number | 22 |
| Classification number | 005.8 |
| Item number | GOO |
| 100 1# - MAIN ENTRY--PERSONAL NAME | |
| 9 (RLIN) | 34928 |
| Personal name | Goodrich, Michael. |
| 245 10 - TITLE STATEMENT | |
| Title | Introduction to computer security / |
| Statement of responsibility, etc | Michael Goodrich, Roberto Tamassia. |
| 250 ## - EDITION STATEMENT | |
| Edition statement | 1st ed., Pearson new international ed. |
| 260 ## - PUBLICATION, DISTRIBUTION, ETC. (IMPRINT) | |
| Place of publication, distribution, etc | Harlow : |
| Name of publisher, distributor, etc | Pearson Education Limited, |
| Date of publication, distribution, etc | c.2014. |
| 300 ## - PHYSICAL DESCRIPTION | |
| Extent | 514 p. : |
| Other physical details | ill. ; |
| Dimensions | 28 cm. |
| 500 ## - GENERAL NOTE | |
| General note | Index : p. 505-514. |
| 504 ## - BIBLIOGRAPHY, ETC. NOTE | |
| Bibliography, etc | Bibliography : p. 499-504. |
| 650 #7 - SUBJECT ADDED ENTRY--TOPICAL TERM | |
| 9 (RLIN) | 2637 |
| Topical term or geographic name as entry element | Computer security. |
| Source of heading or term | BUEsh |
| 651 ## - SUBJECT ADDED ENTRY--GEOGRAPHIC NAME | |
| Source of heading or term | BUEsh |
| 653 ## - INDEX TERM--UNCONTROLLED | |
| Resource For college | Informatics and Computer Science |
| Arrived date list | January2014 |
| -- | March2013 |
| -- | January2017 |
| 700 1# - ADDED ENTRY--PERSONAL NAME | |
| 9 (RLIN) | 12919 |
| Personal name | Tamassia, Roberto, |
| Dates associated with a name | 1960- |
| 942 ## - ADDED ENTRY ELEMENTS (KOHA) | |
| Source of classification or shelving scheme | Dewey Decimal Classification |
| Call number prefix | 005.8 GOO |
| Withdrawn status | Item status | Source of classification or shelving scheme | Damaged status | Not for loan | Vendor | Home library | Current library | Shelving location | Date acquired | Source of acquisition | Cost, normal purchase price | Total Checkouts | Full call number | Barcode | Date last seen | Cost, replacement price | Koha item type | Total Renewals | Date last borrowed | Serial Enumeration / chronology |
|---|---|---|---|---|---|---|---|---|---|---|---|---|---|---|---|---|---|---|---|---|
| Dewey Decimal Classification | Baccah | Central Library | Central Library | Lower Floor | 26/01/2014 | 250.00 | 005.8 GOO | 000035483 | 15/07/2025 | 312.50 | NB - Book (Non borrowing) | |||||||||
| Dewey Decimal Classification | Baccah | Central Library | Central Library | Lower Floor | 26/01/2014 | 250.00 | 4 | 005.8 GOO | 000035484 | 15/07/2025 | 312.50 | Book - Borrowing | 4 | 08/11/2015 | ||||||
| Dewey Decimal Classification | Baccah | Central Library | Central Library | Lower Floor | 03/03/2014 | 250.00 | 2 | 005.8 GOO | 000035653 | 15/07/2025 | 312.50 | Book - Borrowing | 08/11/2015 | |||||||
| Dewey Decimal Classification | Scientific home BookShop | Central Library | Central Library | Lower Floor | 09/01/2017 | Purchase | 350.00 | 2 | 005.8 GOO | 000040801 | 15/07/2025 | 437.50 | Book - Borrowing | 6 | 14/12/2024 | 2691 |